000
00338nam a2200145Ia 4500
100
_a
Jain M.
490
_v
III
942
_c
BK
654
_a
Semi - conductor Data Manual
245
_a
Practical Semi- conductor Data Manual
260
_b
Business promotion
_a
Delhi
_c
1981
082
_a
621.3817304
300
_a
263
546
_a
ENGLISH
999
_c
35333
_d
35333